000 00373nam a2200145 i 4500
001 bg
100 1 _aKOZAK, Tadeusz
245 0 _aPrzykłady i zadania z wymiany ciepła /
_cTadeusz Kozak, Władysław Nowak.
260 _aSzczecin,
_c1981.
700 1 _aNOWAK, Władysław
040 _cBPK
041 _apol
942 _cKS
008 s pl f |000 0 pol
999 _c20076
_d20076
856 _uhttp://koha.tu.koszalin.pl/cgi-bin/koha/opac-detail.pl?biblionumber=20076
_yKatalog online BPK